Normal view
MARC view
- BUTLER,LINDA
Entry Personal Name
001 - CONTROL NUMBER
- control field: 134278
003 - CONTROL NUMBER IDENTIFIER
- control field: NUST
005 - DATE AND TIME OF LATEST TRANSACTION
- control field: 20260428114335.0
008 - FIXED-LENGTH DATA ELEMENTS
- fixed length control field: 260428|| aca||aabn | a|a d
040 ## - CATALOGING SOURCE
- Original cataloging agency: NUST
- Transcribing agency: NUST
100 ## - HEADING--PERSONAL NAME
- Personal name: BUTLER,LINDA
670 ## - SOURCE DATA FOUND
- Source citation: Work cat.: (NUST): BUTLER,LINDA., GRAMMAR LINKS 1: A THEME BASED COURSE FOR REFERENCE AND PRACTICE /, 2005.
